Estadísticas para Rosco de Pasapalabra #2

Haz click aquí para intentar la prueba.

Estadísticas generales

  • Esta prueba ha sido intentada 433 veces
  • La puntuación promedio es 12 de 25

Estadísticas de respuestas

InicialDefiniciónRespuesta% Correcto
CPersona que tiene por oficio servir consumiciones en restaurantes y baresCamarero
97%
ALugar o recinto destinado al estacionamiento de vehículosAparcamiento
88%
BPieza fina de cerámica, mármol o piedra, de forma cuadrada o rectangular, para cubrir suelos o paredesBaldosa
78%
Contiene la ÑGran elevación natural del terrenoMontaña
77%
LPelea en que dos personas se abrazan con el intento de derribar una a otraLucha
75%
RHueso un poco más corto que el cúbito, con el cual forma el antebrazoRadio
73%
IHormona que segrega el páncreas y que regula la cantidad de glucosa de la sangreInsulina
71%
UCaja para depositar las papeletas o números en los sorteos y en las votaciones secretasUrna
71%
VPunto en que concurren los dos lados de un ánguloVértice
66%
TActividad o hecho de viajar por placerTurismo
64%
HEstablecimiento comercial de grandes dimensiones, situado generalmente en la periferia de las ciudadesHipermercado
52%
GMicroorganismo que puede causar o propagar enfermedadesGermen
51%
DRevés o espalda de algoDorso
48%
PSe dice del animal que caza animales de otras especies para comérselosPredador
45%
Contiene la YNarración de sucesos fantásticos que se transmite por tradiciónLeyenda
40%
ZZapato de madera de una piezaZueco
39%
OHacer gala de grandeza, lucimiento y boatoOstentar
35%
EObra de escultura labrada a imitación del naturalEstatua
30%
NHaz fibroso que, en forma de hilo o cordoncillo, corre a lo largo de las hojas de las plantas por su envésNervio
27%
MPrórroga en el plazo establecido para algo, como el pago de una deuda o el cumplimiento de una obligaciónMoratoria
21%
Contiene la XMezcla, juntura o incorporación de varias cosasMixtura
17%
Contiene la QColoquialmente, brevísimo espacio de tiempoPeriquete
10%
FCiudad de Grecia que da nombre a la batalla decisiva en la que Julio César venció a Pompeyo en el año 48 a.C.Farsalia
3%
JDistancia desde la extremidad del dedo pulgar a la del índice, separado el uno del otro todo lo posibleJeme
3%
SApellido del compositor y organista autor de la ópera 'Tassilone', de 1709Steffani
0%

Distribución de puntuación

Porcentaje por número respondido

Porcentaje de gente con cada puntuación

Historial de tus puntuaciones

No has intentado esta prueba.